000 00849nam a22002177a 4500
003 AM-YeHGA
005 20250617153931.0
008 180314s xxu||||| |||| 00| 0 rus d
040 _aAM-YeHGA
041 0 _arus
245 0 0 _aЭксплуатация и наладка металлургических печей /
_cН.И. Иванов, Ф.Д. Воронов, В.Г. Антипин, А.М. Кулаков.
260 _aМосква :
_bМеталлургия,
_c1969.
300 _a284 с. :
_bил.
653 0 _aМеталлургические печи - Эксплуатация
653 0 _aМеталлургические печи - Наладка
700 1 _aИванов, Николай Иванович
700 1 _aВоронов, Ф. Д.
700 1 _aКулаков, А. М.
942 _2udc
_cBK
090 _c403202
999 _c400998
_d400998